[Event "TUR-chT Clubs"]
[Site "Konya"]
[Date "2019.07.20"]
[Round "7.25"]
[White "Pazarcioglu, Ilker"]
[Black "Basaran, Cahit"]
[Result "0-1"]
[WhiteElo "1520"]
[BlackElo "1838"]
[PlyCount "82"]
[EventDate "2019.07.16"]
[EventType "team-swiss"]
[EventRounds "9"]
[EventCountry "TUR"]
[SourceTitle "CBM 191 Extra"]
[Source "ChessBase"]
[SourceDate "2019.09.30"]
[SourceVersion "1"]
[SourceVersionDate "2019.09.30"]
[SourceQuality "1"]
[WhiteTeam "Avanos Genclik"]
[BlackTeam "Erzurum Egitim Merkezi"]
[WhiteTeamCountry "TUR"]
[BlackTeamCountry "TUR"]

1. d4 d5 2. Nc3 e6 3. e4 c6 4. Nf3 Nf6 5. Bd3 Bb4 6. exd5 exd5 7. Qe2+ Qe7 8. Qxe7+ Bxe7 9. Bf4 Be6 10. Ng5 Bg4 11. h3 Bh5 12. g4 Bg6 13. Bxg6 hxg6 14. 0-0-0 0-0 15. Rhe1 Re8 16. Re3 Nbd7 17. Rde1 Bb4 18. a3 Bxc3 19. bxc3 Rxe3 20. Rxe3 Re8 21. Kd2 Nb6 22. Rxe8+ Nxe8 23. Kd3 Nc4 24. Bc1 Kf8 25. Nf3 f6 26. Nd2 Ned6 27. Nxc4 Nxc4 28. f4 Ke7 29. h4 f5 30. g5 b5 31. Ke2 Kd6 32. Kd3 Kc7 33. Ke2 Kb6 34. Kd1 Ka5 35. Ke1 Ka4 36. Kd1 Nxa3 37. Bxa3 Kxa3 38. Kc1 Ka2 39. c4 bxc4 40. c3 Kb3 41. Kd2 Kb2 0-1

[Event "TUR-chT Clubs"]
[Site "Konya"]
[Date "2019.07.18"]
[Round "4.22"]
[White "Kanza, Fazil"]
[Black "Pazarcioglu, Ilker"]
[Result "1-0"]
[WhiteElo "1462"]
[BlackElo "1520"]
[PlyCount "138"]
[EventDate "2019.07.16"]
[EventType "team-swiss"]
[EventRounds "9"]
[EventCountry "TUR"]
[SourceTitle "CBM 191 Extra"]
[Source "ChessBase"]
[SourceDate "2019.09.30"]
[SourceVersion "1"]
[SourceVersionDate "2019.09.30"]
[SourceQuality "1"]
[WhiteTeam "Bolu Dernegi"]
[BlackTeam "Avanos Genclik"]
[WhiteTeamCountry "TUR"]
[BlackTeamCountry "TUR"]

1. e4 c5 2. Nf3 d6 3. d4 cxd4 4. Nxd4 Nf6 5. Nc3 a6 6. Bg5 e6 7. Bc4 b5 8. Bb3 Be7 9. 0-0 0-0 10. a3 Qc7 11. Re1 Nc6 12. h3 Nxd4 13. Qxd4 Bb7 14. Rad1 Rfd8 15. Qe3 Rac8 16. Bf4 Qb8 17. Qd2 Rxc3 18. Qxc3 Nxe4 19. Qb4 Qa8 20. f3 Nc5 21. Bc1 Nxb3 22. Qxb3 Bh4 23. Re2 a5 24. Qe3 Ba6 25. Qe4 Qxe4 26. Rxe4 Bf6 27. c3 d5 28. Ree1 Bh4 29. Re5 Bf6 30. Ree1 h6 31. Be3 Rc8 32. Bb6 b4 33. Bxa5 bxc3 34. Bxc3 Bxc3 35. bxc3 Rxc3 36. a4 Ra3 37. Ra1 Rxa1 38. Rxa1 d4 39. Kf2 e5 40. Rc1 f6 41. a5 Kf7 42. Rc6 Bb5 43. Rb6 Bc4 44. a6 Bd5 45. a7 Kg6 46. Rb8 f5 47. a8Q Bxa8 48. Rxa8 Kg5 49. Re8 Kf6 50. g3 g6 51. h4 g5 52. h5 g4 53. Rf8+ Kg5 54. f4+ exf4 55. Rg8+ Kxh5 56. gxf4 Kh4 57. Rd8 g3+ 58. Kg2 Kg4 59. Rg8+ Kxf4 60. Rxg3 h5 61. Rd3 Ke4 62. Rh3 d3 63. Kf2 f4 64. Rxh5 d2 65. Ke2 d1Q+ 66. Kxd1 Kf3 67. Ke1 Kg2 68. Rg5+ Kf3 69. Kf1 Ke3 1-0

[Event "TUR Cup"]
[Site "Antalya"]
[Date "2019.01.31"]
[Round "8"]
[White "Pazarcioglu, Ilker"]
[Black "Yilmaz, Cumhur"]
[Result "0-1"]
[WhiteElo "1511"]
[BlackElo "1676"]
[PlyCount "48"]
[EventDate "2019.01.27"]
[EventType "swiss"]
[EventRounds "11"]
[EventCountry "TUR"]
[SourceTitle "CBM 188 Extra"]
[Source "ChessBase"]
[SourceDate "2019.02.26"]
[SourceVersion "1"]
[SourceVersionDate "2019.02.26"]
[SourceQuality "1"]

1. e4 c5 2. Nf3 d6 3. d4 cxd4 4. Qxd4 Nc6 5. Bb5 Bd7 6. Bxc6 Bxc6 7. Nc3 Nf6 8. Bg5 Qa5 9. 0-0-0 Rc8 10. Rhe1 e5 11. Qd2 Nd7 12. Kb1 Nb6 13. Qd3 f6 14. Bh4 Bd7 15. Nd2 Be6 16. Nb3 Qb4 17. f4 Be7 18. Nd5 Bxd5 19. exd5 Qxf4 20. Re4 Qh6 21. Qb5+ Kf7 22. Rf1 Qg6 23. Re2 Qg4 24. Re4 Qxe4 0-1

[Event "TUR Cup"]
[Site "Antalya"]
[Date "2019.01.31"]
[Round "7"]
[White "Topbas, Ilter"]
[Black "Pazarcioglu, Ilker"]
[Result "0-1"]
[WhiteElo "1196"]
[BlackElo "1511"]
[PlyCount "74"]
[EventDate "2019.01.27"]
[EventType "swiss"]
[EventRounds "11"]
[EventCountry "TUR"]
[SourceTitle "CBM 188 Extra"]
[Source "ChessBase"]
[SourceDate "2019.02.26"]
[SourceVersion "1"]
[SourceVersionDate "2019.02.26"]
[SourceQuality "1"]

1. d4 Nf6 2. Bf4 d6 3. e3 g6 4. Nf3 Bg7 5. Bc4 0-0 6. 0-0 Nh5 7. Bg3 Nxg3 8. fxg3 c5 9. c3 d5 10. Be2 Qb6 11. Qd2 Nc6 12. Na3 Bh6 13. Nb5 a6 14. Na3 cxd4 15. cxd4 e5 16. Nc2 exd4 17. Ncxd4 Re8 18. Kh1 Bxe3 19. Qc3 Nxd4 20. Nxd4 Qxd4 21. Qxd4 Bxd4 22. Bf3 Be6 23. Rab1 Rac8 24. Rfe1 Bf5 25. Rbd1 Bc2 26. Rc1 Bxb2 27. Rxe8+ Rxe8 28. Rf1 Be4 29. Bg4 f5 30. Bd1 Bd3 31. Bb3 Bxf1 32. h3 Bc4 33. Ba4 b5 34. Bc2 Bd4 35. a4 f4 36. gxf4 Bf2 37. axb5 Bg3 0-1

[Event "TUR Cup"]
[Site "Antalya"]
[Date "2019.01.28"]
[Round "2"]
[White "Pazarcioglu, Ilker"]
[Black "Cilek, Bora"]
[Result "0-1"]
[WhiteElo "1511"]
[BlackElo "1907"]
[PlyCount "78"]
[EventDate "2019.01.27"]
[EventType "swiss"]
[EventRounds "11"]
[EventCountry "TUR"]
[SourceTitle "CBM 188 Extra"]
[Source "ChessBase"]
[SourceDate "2019.02.26"]
[SourceVersion "1"]
[SourceVersionDate "2019.02.26"]
[SourceQuality "1"]

1. e4 c5 2. Nf3 d6 3. d4 cxd4 4. Nxd4 Nf6 5. Nc3 g6 6. g3 Bg7 7. Bg2 0-0 8. 0-0 Bd7 9. a4 Nc6 10. Nde2 Qc8 11. Nf4 Re8 12. Ncd5 Ng4 13. c3 Nge5 14. Rb1 g5 15. Nd3 Nxd3 16. Qxd3 Ne5 17. Qd1 g4 18. b3 Be6 19. f4 gxf3 20. Bxf3 Bxd5 21. exd5 Qxc3 22. Be4 Qb4 23. Qe2 Rac8 24. Bb2 Ng6 25. Bxg7 Kxg7 26. Bxg6 hxg6 27. Qf3 Rf8 28. Rbe1 Qd4+ 29. Kh1 Rc3 30. Qg2 Re3 31. Rxe3 Qxe3 32. Rf3 Qd4 33. Rf1 Rc8 34. Qf3 f6 35. Rd1 Qe5 36. Qd3 Rc3 37. Qb5 Qe4+ 38. Kg1 Qe3+ 39. Kh1 Qf3+ 0-1